000 01549naa a2200253 i 4500
001 3363
003 KOSZ 005
005 20180213124751.0
008 141206s2000 pl f |100 0 pol
040 _cBPK
_dKOSZ 005/EG
080 _a621.7
080 _a517
100 1 _aKUKIEŁKA, Leon.
_d1996 - .
_bPolitechnika Koszalińska - Wydział Mechaniczny,
_cKatedra Maszyn Roboczych
245 1 0 _aNumeryczna analiza stanów przemieszczenia i odkształcenia materiału podczas nagniatania części samochodowych /
_cLeon Kukiełka.
500 _aDane z autopsji.
520 _aW pracy przedstawiono problem doboru zarysu nierówności powierzchni części przed nagniataniem w aspekcie kształtowania struktury geometrycznej powierzchni oraz właściwości fizycznych stref wyrobu. W tym celu opracowany model i algorytm modelowania procesu nagniatania zastosowano do obliczenia stanów przemieszczenia i odkształcenia podczas nagniatania powierzchni o trójkątnym zarysie nierówności powierzchni, wykorzystując system komputerowy ANSYS. Przedstawiono wybrane wyniki obliczeń numerycznych.
650 0 _aAnaliza numeryczna.
650 0 _aNagniatanie.
650 0 _aSamochody.
655 0 _aMateriały konferencyjne.
711 2 2 _aSłupskie Forum Motoryzacji
_n(3 ;
_d2000 ;
_cSłupsk, Polska).
773 0 _iW :
_tTechniczne i ekologiczne aspekty rozwoju motoryzacji : III Słupskie Forum Motoryzacji : Słupsk, 13-14 maja 2000. -
_dSłupsk : Starostwo Powiatowe w Słupsku, 2000. -
_gs. 54-69
942 _cROZ
_2UKD
999 _c3363
_d3363